MARC

LEADER 00000nam0a2200000 4500
001 183317
005 20231031171506.0
035 |a (RuTPU)RU\TPU\book\198728 
090 |a 183317 
100 |a 20100713d1984 km y0rusy50 ca 
101 0 |a rus 
102 |a RU 
105 |a a z 001zy 
200 1 |a Транспортировка и складирование порошкообразных строительных материалов  |f И. П. Малевич, В. С. Серяков, А. В. Мишин 
210 |a Москва  |c Стройиздат  |d 1984 
215 |a 185 с.  |c ил. 
320 |a Библиогр.: с. 185. 
610 1 |a погрузочно-разгрузочные работы 
610 1 |a погрузочно-разгрузочные машины 
610 1 |a доставка 
610 1 |a технологические схемы 
610 1 |a транспортировка 
610 1 |a складирование 
610 1 |a транспортные средства 
610 1 |a порошкообразные материалы 
610 1 |a строительные материалы 
675 |a 691-4  |v 3 
700 1 |a Малевич  |b И. П.  |g Игорь Петрович 
701 1 |a Серяков  |b В. С.  |g Владимир Сергеевич 
701 1 |a Мишин  |b А. В.  |g Анатолий Васильевич 
801 1 |a RU  |b 63413507  |c 20100713 
801 2 |a RU  |b 63413507  |c 20150130  |g RCR 
942 |c BK